000 00718nam a2200193Ia 4500
008 090124s9999 xx 000 0 und d
082 _b119166
100 _aचेस जेम्स हॅडले
245 _a हेन्री शेरमननं अस का केलं ?
250 _a1
260 _c1982
300 _a182
600 _aचेस जेम्स हॅडले
630 _a हेन्री शेरमननं अस का केलं ?
700 _aकुलकर्णी दिलीप वसंत
700 _aचेस जेम्स हॅडले
730 _a हेन्री शेरमननं अस का केलं ?
942 _cBOOK
999 _c165252
_d165252